La revalorización de los bienes activos
Saved in:
| Main Author: | |
|---|---|
| Format: | Book |
| Language: | Spanish |
| Published: |
Santiago
Jurídica de Chile
1958
|
| Subjects: | |
| Tags: |
Add Tag
No Tags, Be the first to tag this record!
|
MARC
| LEADER | 00000nam a2200000 a 4500 | ||
|---|---|---|---|
| 001 | UCS0481 | ||
| 003 | CL-VaPUC | ||
| 008 | 970426e19580000CL |||||||||||||||||spa|d | ||
| 082 | 0 | 4 | |a 343.054 |b CAS |2 21 |
| 100 | 0 | |a Castillo Toro, Dagemar W del |e author |9 384046 | |
| 245 | 1 | 3 | |a La revalorización de los bienes activos |
| 300 | |a 151 p | ||
| 942 | |c BK | ||
| 945 | |d 19970426 00:00:00 |a paguirre | ||
| 260 | |a Santiago |b Jurídica de Chile |c 1958 | ||
| 650 | 0 | |a Impuestos |9 255450 | |
| 650 | 0 | |a Derecho tributario |9 258895 | |
| 650 | 7 | |a SISTEMA TRIBUTARIO |2 CL-VaPUC |9 384047 | |
| 650 | 0 | |a Impuesto a la renta |9 258171 | |
| 650 | 0 | |a Bienes |9 255749 | |
| 651 | 7 | |a CHILE |2 CL-VaPUC |9 384048 | |
| 583 | |a last modification |c 19970426 00:00:00 |k Rodrigo Vera | ||
| 999 | |c 258708 |d 258706 | ||
| 952 | |0 0 |1 0 |4 0 |6 343_054000000000000_CAS_1958 |7 0 |8 A |9 282981 |a BIBDER |b BIBDER |d 2019-11-19 |i 1833979 |o 343.054 CAS 1958 |p 1833979 |r 2023-01-25 |w 2019-11-19 |y BK |k DER | ||